header

Marine aquaculture (Record no. 70107)

MARC details
000 -LEADER
fixed length control field 01505nam a2200301 a 4500
082 04 - DEWEY DECIMAL CLASSIFICATION NUMBER
Classification number 338.3/71/0973
245 10 - TITLE STATEMENT
Title Marine aquaculture
260 ## - PUBLICATION, DISTRIBUTION, ETC. (IMPRINT)
Place of publication Washington D.C. :
Name of publisher National Academy Press,
Year of publication 1992.
300 ## - PHYSICAL DESCRIPTION
Number of Pages x, 290 p. :
Other physical details ill.
650 #0 - SUBJECT ADDED ENTRY--TOPICAL TERM
Topical Term Mariculture
Topical Term Mariculture
856 40 - ELECTRONIC LOCATION AND ACCESS
Uniform Resource Identifier http://site.ebrary.com/lib/rucke/Doc?id=10056733

No items available.

© 2026 Rongo University
Contact us: librarian | system librarian | Rongo university